| 000 | 00513nam a2200193Ia 4500 | ||
|---|---|---|---|
| 003 | OSt | ||
| 005 | 20220926040349.0 | ||
| 006 | a|||||r|||| 00| 0 | ||
| 007 | ta | ||
| 008 | 220923b |||||||| |||| 00| 0 eng d | ||
| 037 | _cGeneral Book | ||
| 040 |
_aRTL _cRTL _beng |
||
| 041 |
_2eng _aeng |
||
| 082 | _aB281, H9 | ||
| 100 | _aReichenbach Hans | ||
| 245 | 0 |
_aTheory of probability _b An inquiry into the logical |
|
| 942 |
_hB281, H9 _cGB _2CC |
||
| 999 |
_c664611 _d664611 |
||